000 00401nam a2200145Ia 4500
008 220217s9999||||xx |||||||||||||| ||und||
020 _a0-521-46629-6
082 _a519 BHA
100 _aBhattacharya, P.B Jain, S.K & Nagpaul, S.R
_93499
245 0 _aBasic abstract algebra
250 _a2nd
260 _aCambridge university press
_bLondon
_c2001
300 _b195
650 _aMATHEMATICS
999 _c172048
_d172048